000 00974nam a2200229 i 4500
001 167968
003 ES-MaACL
005 20260310170605.0
008 051003s1860 gw |||| | ger d
100 1 _aWolff, Adolf.
_9133955
245 1 4 _aDie Italiänische national-literatur
_b: in ihrer geschichtlichen entwickelung vom 13ten bis zum 19ten jahrhundert : nebst den lebens und charakterbildern ihrer classischen schriftsteller ... /
_cherausgegeben von Adolf Wolff.
260 _aBerlin :
_bGustav Hempel,
_c1860.
300 _a620 p. :
_bil. ;
_c27 cm.
490 1 _aDie classiker aller beiten und nationen ;
_v1
594 _aTexto en letra gótica.
650 4 _aLiteratura italiana-
_xHistoria y crítica.
_914631
700 1 _aHempel, Gustav.
_9127846
752 _aAlemania -
_dBerlín
830 0 _aDie Classiker aller Zeiten und Nationen
_v1
_9188776
852 _aES-MaACL
_jG-1191
_z- Enc. hol.
_z. - Ex-libris de C. Ruedl
999 _c167968
_d167968